00377cam a2200121 4500001001100000008004100011035001500052100003700067245006000104250001100164260005300175300002700228BUCI003151 s1976 mx a spa  aBUCI0031511 aLópez Portillo y Rojas, José10aFrancisco I. Madero /cJosé López Portillo y Rojas. a1a ed. aMéxico :bComisión Nacional Editorial,c1976 a62 p. :bil. ;c23 cm.